Návrh podpory inovačných aktivít vo vybranom podniku diplomová práca

Gespeichert in:
Bibliographische Detailangaben
1. Verfasser: Kulková, Lenka
Körperschaft: Podnikovohospodárska fakulta EU so sídlom v Košiciach. Katedra manažmentu
Weitere Verfasser: Dugas, Jaroslav, 1967-
Format: Buch
Sprache:Slowakisch
Veröffentlicht: Košice 2016
Tags: Tag hinzufügen
Keine Tags, Fügen Sie das erste Tag hinzu!

MARC

LEADER 00000nbm a2200000 4500
001 0217536
005 20161213104616.9
041 0 |a slo 
044 |a SK 
245 1 0 |a Návrh podpory inovačných aktivít vo vybranom podniku  |b diplomová práca  |c Lenka Kulková ; školiteľ: Jaroslav Dugas 
264 1 |a Košice  |c 2016 
300 |a 91 s. 
100 1 |a Kulková, Lenka 
700 1 |a Dugas, Jaroslav, 1967- 
710 2 |a Podnikovohospodárska fakulta EU so sídlom v Košiciach. Katedra manažmentu